[Event "Campeonato de Aragon por Equipos 2025 - "]
[Site "?"]
[Date "2025.03.08"]
[Round "7.13"]
[White "Galstyan, David"]
[Black "Cabrera Moreno, Daniel"]
[Result "1/2-1/2"]
[WhiteElo "2279"]
[BlackElo "2132"]
[PlyCount "108"]
[GameId "2155415465846150"]
[EventDate "2025.01.25"]
[WhiteTeam "El Olivar"]
[BlackTeam "Teruel"]

1. e4 e5 2. Nf3 Nc6 3. Bb5 a6 4. Ba4 Nf6 5. O-O b5 6. Bb3 Be7 7. Re1 d6 8. h3 O-O 9. c3 Na5 10. Bc2 c5 11. d4 Nd7 12. Nbd2 exd4 13. cxd4 Nc6 14. d5 Nce5 15. Nxe5 Nxe5 16. f4 Ng6 17. Nf3 f5 18. exf5 Bxf5 19. Bxf5 Rxf5 20. g4 Rf7 21. f5 Nh4 22. Nxh4 Bxh4 23. Re6 Bf6 24. Qe2 Be5 25. a4 Qh4 26. Ra3 bxa4 27. Rf3 Rb8 28. Kg2 Rfb7 29. Rxe5 dxe5 30. d6 Qf6 31. Qxa6 Rb6 32. Qc4+ Kh8 33. d7 Rd6 34. Qxa4 Qd8 35. Qe4 Qxd7 36. Qxe5 Re8 37. Qc3 Qc6 38. Bg5 h6 39. Bf4 Rd4 40. Be3 Qd5 41. Bxd4 cxd4 42. Qb3 Re2+ 43. Kf1 Qe5 44. Rf2 Re3 45. Qb7 Rxh3 46. f6 gxf6 47. g5 Re3 48. Qc8+ Qe8 49. Qxe8+ Rxe8 50. gxf6 Rb8 51. Rd2 Kg8 52. Rxd4 Rxb2 53. Rh4 Kf7 54. Rxh6 Ra2 1/2-1/2

[Event "Campeonato de Aragon por Equipos 2025 - "]
[Site "?"]
[Date "2025.03.08"]
[Round "7.14"]
[White "Dominguez Bujeda, Jesus"]
[Black "Miranda Herrera, Miguel"]
[Result "1/2-1/2"]
[WhiteElo "2059"]
[BlackElo "2160"]
[PlyCount "71"]
[GameId "2155415465891207"]
[EventDate "2025.01.25"]
[WhiteTeam "Teruel"]
[BlackTeam "El Olivar"]

1. d4 e6 2. c4 b6 3. Nc3 Bb7 4. e4 Bb4 5. Bd3 f5 6. f3 fxe4 7. fxe4 Bxc3+ 8. bxc3 Bxe4 9. Qh5+ g6 10. Qe5 Bxg2 11. Bg5 Nc6 12. Qg3 Bxh1 13. Bxd8 Kxd8 14. Nh3 Nge7 15. O-O-O Nxd4 16. Rxh1 Ndf5 17. Qe5 Rf8 18. Be4 Rb8 19. Rd1 Nd6 20. Nf4 Ke8 21. Nxe6 dxe6 22. Qxe6 Nxe4 23. Qxe4 Rf7 24. Qe5 Kf8 25. Rd7 Re8 26. Rxc7 Ng8 27. Qd6+ Kg7 28. Qd4+ Nf6 29. Rc6 Re2 30. h3 Rxa2 31. c5 bxc5 32. Rxc5 Rd7 33. Qe5 Rf2 34. Rc7 Rfd2 35. Rxa7 Rd1+ 36. Kc2 1/2-1/2

[Event "Campeonato de Aragon por Equipos 2025 - "]
[Site "?"]
[Date "2025.03.08"]
[Round "7.15"]
[White "Munoz Valles, Jorge"]
[Black "Gomez Calomarde, Saul"]
[Result "0-1"]
[WhiteElo "2077"]
[BlackElo "2075"]
[PlyCount "96"]
[GameId "2155415465936264"]
[EventDate "2025.01.25"]
[WhiteTeam "El Olivar"]
[BlackTeam "Teruel"]

1. d4 Nf6 2. c4 e6 3. Nc3 d5 4. cxd5 exd5 5. Bg5 Be7 6. e3 O-O 7. Qc2 c6 8. Bd3 Nbd7 9. Nf3 Re8 10. O-O Nf8 11. Rab1 a5 12. a3 N6d7 13. Bxe7 Qxe7 14. b4 axb4 15. axb4 b5 16. Rfe1 Nb6 17. e4 Be6 18. exd5 cxd5 19. Bxb5 Rec8 20. Qb3 Qb7 21. Bd3 Nc4 22. Na4 Nd7 23. Nc5 Qc6 24. Nxe6 fxe6 25. Bxc4 dxc4 26. Qc2 Qd5 27. h4 h6 28. Qc3 Nf6 29. Re5 Qd6 30. Qe1 c3 31. Rxe6 Qf4 32. Qe5 c2 33. Qxf4 cxb1=Q+ 34. Kh2 Rc1 35. Rxf6 Rh1+ 36. Kg3 gxf6 37. Qxf6 Qh7 38. Qe6+ Kh8 39. Ne5 Qg8+ 40. Qg4 Rb8 41. Nc6 Rb6 42. Qxg8+ Kxg8 43. d5 Kf7 44. Kg4 Rd1 45. Ne5+ Kg7 46. f4 Rxd5 47. Kf5 Rd4 48. b5 Rf6+ 0-1

[Event "Campeonato de Aragon por Equipos 2025 - "]
[Site "?"]
[Date "2025.03.08"]
[Round "7.16"]
[White "Villuendas Valero, Adrian"]
[Black "Lopez Gracia, Fernando"]
[Result "1-0"]
[WhiteElo "2240"]
[BlackElo "2247"]
[PlyCount "53"]
[GameId "2155415465981321"]
[EventDate "2025.01.25"]
[WhiteTeam "Aulazenter"]
[BlackTeam "Iberajedrez Mundo 64"]

1. d4 Nf6 2. c4 e6 3. Nf3 c5 4. d5 d6 5. Nc3 exd5 6. cxd5 g6 7. e4 a6 8. a4 Bg4 9. h3 Bxf3 10. Qxf3 Bg7 11. Bd3 O-O 12. O-O Nbd7 13. Re1 Qe7 14. Qe2 Ne8 15. Bd2 Nc7 16. Rab1 a5 17. Nb5 Nxb5 18. Bxb5 h5 19. Bc3 Rfd8 20. Qd2 b6 21. Rbd1 Nf8 22. f4 g5 23. fxg5 Ng6 24. Be2 Be5 25. Bxh5 Nf4 26. Bxe5 Qxe5 27. Bxf7+ 1-0

[Event "Campeonato de Aragon por Equipos 2025 - "]
[Site "?"]
[Date "2025.03.08"]
[Round "7.17"]
[White "Villalba Embid, Marcos"]
[Black "Asensio Asensio, Nicolas"]
[Result "1/2-1/2"]
[WhiteElo "2192"]
[BlackElo "2178"]
[PlyCount "53"]
[GameId "2155415466022282"]
[EventDate "2025.01.25"]
[WhiteTeam "Iberajedrez Mundo 64"]
[BlackTeam "Aulazenter"]

1. Nf3 Nf6 2. d4 d5 3. c4 e6 4. Nc3 Be7 5. cxd5 exd5 6. Qc2 c6 7. Bg5 g6 8. e3 Bf5 9. Bd3 Bxd3 10. Qxd3 O-O 11. Ne5 Re8 12. O-O Nbd7 13. h3 Nxe5 14. dxe5 Nd7 15. Bxe7 Qxe7 16. f4 f6 17. e4 Nc5 18. Qe3 Nxe4 19. Nxe4 dxe4 20. Qxe4 fxe5 21. Rae1 Qc5+ 22. Kh1 Qd5 23. Qxd5+ cxd5 24. fxe5 Re7 25. e6 Rd8 26. Re5 Rd6 27. Rd1 1/2-1/2

[Event "Campeonato de Aragon por Equipos 2025 - "]
[Site "?"]
[Date "2025.03.08"]
[Round "7.18"]
[White "Miranda Herrera, Jorge Manuel"]
[Black "Garcia Acin, Pablo"]
[Result "1-0"]
[WhiteElo "2101"]
[BlackElo "2069"]
[PlyCount "89"]
[GameId "2155415466059147"]
[EventDate "2025.01.25"]
[WhiteTeam "Aulazenter"]
[BlackTeam "Iberajedrez Mundo 64"]

1. e4 c5 2. Nf3 d6 3. d4 Nf6 4. Nc3 cxd4 5. Nxd4 a6 6. Be2 e5 7. Nb3 Be7 8. Be3 Be6 9. Nd5 Nbd7 10. Qd3 Bxd5 11. exd5 b6 12. O-O O-O 13. f4 a5 14. fxe5 Nxe5 15. Qd1 a4 16. Nc1 Qc7 17. c3 Ra5 18. Bf3 Nxf3+ 19. Qxf3 Nxd5 20. Bd4 Bf6 21. Bxf6 Nxf6 22. a3 Qc4 23. Qe2 d5 24. Qxc4 dxc4 25. Rf4 Rc8 26. Ne2 Rb5 27. Rb1 Nd7 28. Nd4 Re5 29. Nf5 Rce8 30. Rbf1 Re4 31. Nxg7 Rxf4 32. Nxe8 Re4 33. Nf6+ Nxf6 34. Rxf6 Re6 35. Rxe6 fxe6 36. Kf2 Kf7 37. g4 Kf6 38. Kf3 Kg5 39. Kg3 Kg6 40. h4 Kf6 41. Kf4 b5 42. g5+ Kf7 43. h5 Kg7 44. Ke5 Kf7 45. Kd6 1-0

[Event "Campeonato de Aragon por Equipos 2025 - "]
[Site "?"]
[Date "2025.03.08"]
[Round "7.19"]
[White "Moreno Gracia, David"]
[Black "Morales Anadon, Tomas"]
[Result "1/2-1/2"]
[WhiteElo "1977"]
[BlackElo "1828"]
[PlyCount "66"]
[GameId "2155415466112396"]
[EventDate "2025.01.25"]
[WhiteTeam "Iberajedrez Mundo 64"]
[BlackTeam "Aulazenter"]

1. c4 e6 2. Nf3 Nf6 3. g3 d5 4. Bg2 Nc6 5. cxd5 exd5 6. d4 Bd6 7. O-O O-O 8. Nc3 h6 9. Nb5 Ne7 10. Nxd6 Qxd6 11. Bf4 Qb6 12. Qc1 c6 13. Bd6 Re8 14. e3 Ne4 15. Ba3 Nf5 16. Ne5 Qd8 17. Qc2 Nfd6 18. f3 Nf6 19. Qc5 Nf5 20. Rae1 Nd7 21. Nxd7 Qxd7 22. Bh3 Qd8 23. Bxf5 Bxf5 24. e4 Bh3 25. Rf2 dxe4 26. fxe4 Qd7 27. b3 a6 28. Bb2 Rad8 29. Qc3 Qg4 30. Rf4 Qg6 31. Qf3 Be6 32. Rf1 Rd7 33. Re1 Rdd8 1/2-1/2

[Event "Campeonato de Aragon por Equipos 2025 - "]
[Site "?"]
[Date "2025.03.08"]
[Round "7.20"]
[White "Cifuentes Parada, Roberto"]
[Black "Lopez Caudevilla, David"]
[Result "1/2-1/2"]
[WhiteElo "2369"]
[BlackElo "2186"]
[PlyCount "69"]
[GameId "2155415466177933"]
[EventDate "2025.01.25"]
[WhiteTeam "Jaque - Aramovil"]
[BlackTeam "Actur Rey Fernando"]

1. d4 g6 2. e4 Bg7 3. Nc3 d6 4. Nf3 a6 5. a4 b6 6. Bc4 e6 7. h4 Nf6 8. Bg5 h6 9. Bf4 Bb7 10. Qe2 Qe7 11. Rd1 Nbd7 12. O-O Nh5 13. Bc1 O-O 14. g4 Nhf6 15. g5 hxg5 16. Bxg5 Qe8 17. Nh2 Nxe4 18. Nxe4 d5 19. Bd3 dxe4 20. Bxe4 Bxe4 21. Qxe4 Nf6 22. Qf3 Nh7 23. b3 b5 24. axb5 Nxg5 25. hxg5 Qxb5 26. d5 Rad8 27. c4 Qc5 28. Ng4 exd5 29. cxd5 c6 30. dxc6 Qxg5 31. c7 Rc8 32. Rd7 f5 33. Qd5+ Kh8 34. Qh1+ Kg8 35. Qd5+ 1/2-1/2

[Event "Campeonato de Aragon por Equipos 2025 - "]
[Site "?"]
[Date "2025.03.08"]
[Round "7.21"]
[White "Aviol Perez, Jose Mariano"]
[Black "Lana Rodriguez, David"]
[Result "0-1"]
[WhiteElo "1884"]
[BlackElo "2352"]
[PlyCount "72"]
[GameId "2155415466218894"]
[EventDate "2025.01.25"]
[WhiteTeam "Actur Rey Fernando"]
[BlackTeam "Jaque - Aramovil"]

1. d4 Nf6 2. Nf3 e6 3. c4 Bb4+ 4. Bd2 a5 5. g3 d5 6. Nc3 O-O 7. Bg2 dxc4 8. O-O Nc6 9. Bg5 h6 10. Bf4 Nd5 11. Bd2 Rb8 12. a4 f5 13. Nxd5 exd5 14. Bf4 Bd6 15. Ne5 Bxe5 16. dxe5 Be6 17. Rc1 Qd7 18. Bd2 b6 19. f4 Nd4 20. e3 Nb3 21. Rc2 Qxa4 22. Bc3 Rbd8 23. Rcf2 c5 24. g4 d4 25. Rd2 Qd7 26. gxf5 Bxf5 27. e4 Bg4 28. Bf3 Rxf4 29. Qe2 Nxd2 30. Bxd2 d3 31. Qe3 Rxf3 32. Rxf3 Bxf3 33. Qxf3 Qd4+ 34. Kh1 Rf8 35. Qg2 Rf2 36. Qh3 Qxe4+ 0-1

[Event "Campeonato de Aragon por Equipos 2025 - "]
[Site "?"]
[Date "2025.03.08"]
[Round "7.22"]
[White "Escartin Lacasa, Jose"]
[Black "Bernad Bellon, Jose Maria"]
[Result "1-0"]
[WhiteElo "2296"]
[BlackElo "1857"]
[PlyCount "87"]
[GameId "2155415466317199"]
[EventDate "2025.01.25"]
[WhiteTeam "Jaque - Aramovil"]
[BlackTeam "Actur Rey Fernando"]

1. d4 e6 2. Nf3 f5 3. g3 Nf6 4. Bg2 d5 5. O-O Bd6 6. c4 c6 7. b3 Qe7 8. Bb2 Nbd7 9. Qc1 Ne4 10. Ba3 O-O 11. Bxd6 Nxd6 12. Nbd2 Kh8 13. Ne1 dxc4 14. bxc4 e5 15. e3 e4 16. c5 Nf7 17. f3 exf3 18. Ndxf3 Nf6 19. Nd3 Ng4 20. Re1 Be6 21. Nf4 Bd7 22. Rb1 Rab8 23. Qa3 a6 24. Qc3 Nf6 25. Nd2 Rfe8 26. Nc4 Ne4 27. Qc2 g5 28. Nd3 Be6 29. Na5 Bd5 30. Nb4 Nh6 31. Nxd5 cxd5 32. Rb6 Ng4 33. Qb3 Nxc5 34. dxc5 Qxc5 35. Nxb7 Rxe3 36. Nxc5 Rxe1+ 37. Bf1 Rxb6 38. Qxb6 Ne3 39. Qd8+ Kg7 40. Qxg5+ Kh8 41. Kf2 Rxf1+ 42. Kxe3 d4+ 43. Kxd4 Rd1+ 44. Ke5 1-0

[Event "Campeonato de Aragon por Equipos 2025 - "]
[Site "?"]
[Date "2025.03.08"]
[Round "7.24"]
[White "Romero Pallares, Daniel"]
[Black "Hinojar Basa, Alfonso"]
[Result "1/2-1/2"]
[WhiteElo "2252"]
[BlackElo "2197"]
[PlyCount "103"]
[GameId "2155415466431889"]
[EventDate "2025.01.25"]
[WhiteTeam "Palacio De Pioneros"]
[BlackTeam "Marcos Frechin A"]

1. e4 c5 2. Nf3 e6 3. d4 cxd4 4. Nxd4 Nc6 5. Nb5 d6 6. c4 Nf6 7. N5c3 Be7 8. Be2 O-O 9. O-O b6 10. Bf4 Bb7 11. Re1 a6 12. Nd2 Qd7 13. h3 Bd8 14. Rc1 Bc7 15. a3 Rad8 16. Bg5 Ne5 17. Bf1 Qe7 18. Qb3 h6 19. Be3 Rb8 20. Qc2 Rbc8 21. b4 Qd8 22. Rcd1 Bb8 23. f4 Ng6 24. Nb3 Qc7 25. Qf2 Nxe4 26. Nxe4 Bxe4 27. Bxb6 Qb7 28. Na5 Qa8 29. g3 f5 30. Bg2 d5 31. Bxe4 dxe4 32. Rd7 e5 33. Red1 exf4 34. Bd4 Be5 35. gxf4 Bxd4 36. Qxd4 Rf6 37. Rd6 Nxf4 38. Kh2 Rcf8 39. Rg1 Qb8 40. c5 Kh7 41. Nc6 Qb5 42. Qd2 Ne6 43. Nd4 Nxd4 44. Qxd4 Qe2+ 45. Rg2 Qf3 46. Rd7 Qf4+ 47. Kg1 R8f7 48. Qxf6 Qe3+ 49. Kh2 Qf4+ 50. Kg1 Qe3+ 51. Kh2 Qf4+ 52. Kg1 1/2-1/2

[Event "Campeonato de Aragon por Equipos 2025 - "]
[Site "?"]
[Date "2025.03.08"]
[Round "7.25"]
[White "Atares Buisan, Sergio"]
[Black "Palacios Herrero, Pablo"]
[Result "1-0"]
[WhiteElo "2107"]
[BlackElo "2203"]
[PlyCount "121"]
[GameId "2155415466472850"]
[EventDate "2025.01.25"]
[WhiteTeam "Marcos Frechin A"]
[BlackTeam "Palacio De Pioneros"]

1. e4 e6 2. d4 d5 3. Nd2 c5 4. Ngf3 cxd4 5. Nxd4 Nf6 6. exd5 a6 7. N2f3 Qxd5 8. Be2 e5 9. Nb3 Qxd1+ 10. Bxd1 Nc6 11. O-O Bf5 12. Re1 O-O-O 13. c3 h6 14. Be2 Nd5 15. Bc4 f6 16. Nh4 Bh7 17. Rd1 Nb6 18. Be6+ Kc7 19. Be3 Na4 20. Bd5 g5 21. Nf3 Nxb2 22. Rd2 Na4 23. a3 Be7 24. c4 Rd7 25. Ne1 Rhd8 26. Nd3 b6 27. Nb4 Nb8 28. Rc1 Nc5 29. Nxc5 Bxc5 30. Bxc5 bxc5 31. Nd3 Bxd3 32. Rxd3 Nc6 33. Rh3 Rh8 34. Rb1 Na5 35. Kf1 Rd6 36. Ke2 Kd7 37. g4 Ke7 38. Kd3 f5 39. gxf5 Kf6 40. Kc3 Kxf5 41. Rf3+ Kg6 42. Re3 Re8 43. Rbe1 Kf6 44. Rf3+ Kg7 45. Rf7+ Kg6 46. Ra7 Rb8 47. Rxe5 Rb3+ 48. Kc2 Rxa3 49. Be4+ Kh5 50. Rxc5 Nb3 51. Rd5 Nd4+ 52. Kd2 Rxd5 53. cxd5 Nb5 54. Ra8 Kg4 55. Bd3 Nd6 56. Rd8 Nf7 57. Rf8 Nd6 58. Rf6 Ne8 59. Rxh6 Ra5 60. Ke3 Rxd5 61. h3# 1-0

[Event "Campeonato de Aragon por Equipos 2025 - "]
[Site "?"]
[Date "2025.03.08"]
[Round "7.26"]
[White "Lacruz Algarate, Alvaro"]
[Black "Perez Tomas, Juan Manuel"]
[Result "1-0"]
[WhiteElo "2109"]
[BlackElo "1959"]
[PlyCount "57"]
[GameId "2155415466509715"]
[EventDate "2025.01.25"]
[WhiteTeam "Palacio De Pioneros"]
[BlackTeam "Marcos Frechin A"]

1. e4 c5 2. Nc3 a6 3. g3 b5 4. Bg2 Bb7 5. d3 e6 6. f4 d5 7. Qe2 d4 8. Nd1 Nf6 9. Nf3 Be7 10. O-O Qc7 11. Nf2 O-O 12. g4 Nc6 13. Nh4 Rfd8 14. g5 Ne8 15. Ng4 c4 16. f5 exf5 17. Nxf5 cxd3 18. cxd3 Bf8 19. Bf4 Qd7 20. Qf3 Nb4 21. Bh3 Kh8 22. Be5 Nc2 23. Rac1 Ne3 24. Nfxe3 dxe3 25. Nh6 Qe7 26. Nxf7+ Kg8 27. Nh6+ gxh6 28. Be6+ Qxe6 29. Qxf8# 1-0

[Event "Campeonato de Aragon por Equipos 2025 - "]
[Site "?"]
[Date "2025.03.08"]
[Round "7.27"]
[White "Moya Gimeno, Raul"]
[Black "Dan, Teodor"]
[Result "1/2-1/2"]
[WhiteElo "1958"]
[BlackElo "2068"]
[PlyCount "141"]
[GameId "2155415466558868"]
[EventDate "2025.01.25"]
[WhiteTeam "Marcos Frechin A"]
[BlackTeam "Palacio De Pioneros"]

1. e4 c6 2. d4 d5 3. e5 c5 4. dxc5 e6 5. a3 Nc6 6. Nf3 Bxc5 7. b4 Bb6 8. Bd3 Nge7 9. O-O Ng6 10. Bb2 O-O 11. g3 f6 12. Bxg6 hxg6 13. Qd3 fxe5 14. Nxe5 Qf6 15. Nxc6 Qxb2 16. Ne7+ Kf7 17. Nc3 Kxe7 18. Ra2 Qxa2 19. Nxa2 Rf6 20. a4 a6 21. a5 Ba7 22. c4 Bd7 23. Qa3 Bd4 24. b5+ Ke8 25. Nc1 e5 26. Kg2 dxc4 27. Ne2 Bxb5 28. Nxd4 exd4 29. Re1+ Kf7 30. Qc5 Kg8 31. Qxd4 Rc8 32. Qd5+ Kh7 33. Kg1 Rcc6 34. Re8 g5 35. Qg8+ Kg6 36. Re7 Kf5 37. Rxg7 Rce6 38. Rxg5+ Ke4 39. Qh7+ Kd4 40. Rg4+ Kc5 41. Qb1 Re5 42. Qa1 Rfe6 43. Qa3+ Kd5 44. Qc3 Kc5 45. Rh4 Rd5 46. Kg2 b6 47. Qa3+ Kc6 48. Rh7 Red6 49. Qe3 bxa5 50. Qa7 Rd7 51. Rh6+ R5d6 52. Qa8+ Kc5 53. Qc8+ Kd5 54. Rh5+ Kd4 55. Qc5+ Kc3 56. Qa3+ Kc2 57. Qa2+ Kc1 58. Qxa5 Rd2 59. Qc3+ Kd1 60. Qf3+ Kc2 61. Re5 R7d6 62. Qf5+ Kb3 63. h4 c3 64. Qf7+ Kb2 65. Rc5 c2 66. Qc7 R6d5 67. Rc3 R5d3 68. Rc5 Rd7 69. Qe5+ R7d4 70. Qc7 Rd5 71. Rc3 1/2-1/2

[Event "Campeonato de Aragon por Equipos 2025 - "]
[Site "?"]
[Date "2025.03.08"]
[Round "7.28"]
[White "Jario Garcia, Ricardo"]
[Black "Garza Marco, Sergio"]
[Result "0-1"]
[WhiteElo "1996"]
[BlackElo "2384"]
[PlyCount "90"]
[GameId "2155415466599829"]
[EventDate "2025.01.25"]
[WhiteTeam "Marcos Frechin B"]
[BlackTeam "Helios"]

1. e4 c5 2. Nc3 Nc6 3. Bb5 Nd4 4. Nf3 e6 5. O-O a6 6. Be2 Ne7 7. Nb1 Nec6 8. c3 Nxe2+ 9. Qxe2 d5 10. e5 Be7 11. d4 b6 12. Rd1 Qc7 13. Bg5 Bxg5 14. Nxg5 cxd4 15. cxd4 Nxd4 16. Rxd4 Qc1+ 17. Rd1 Qxg5 18. Nc3 O-O 19. Rd4 f5 20. f4 Qe7 21. Qd2 Bd7 22. Rd1 Rac8 23. Qf2 b5 24. R4d2 Be8 25. Rf1 b4 26. Nd1 Bb5 27. Re1 a5 28. Ne3 a4 29. Nc2 Bc4 30. a3 bxa3 31. bxa3 Rfe8 32. Rb1 Bb3 33. Nb4 Rc4 34. g3 Rec8 35. Kg2 Qb7 36. Kh3 h6 37. Qe3 Kf7 38. Rg1 Qd7 39. Re1 Kg8 40. Qg1 Kh7 41. Ra1 Qf7 42. Re1 Qe7 43. Qe3 Bc2 44. Kg2 Be4+ 45. Kg1 Rc3 0-1

[Event "Campeonato de Aragon por Equipos 2025 - "]
[Site "?"]
[Date "2025.03.08"]
[Round "7.29"]
[White "Torcal Miguel, Oscar"]
[Black "Sanz Pueyo, Adrian"]
[Result "1-0"]
[WhiteElo "2115"]
[BlackElo "2009"]
[PlyCount "67"]
[GameId "2155415466657174"]
[EventDate "2025.01.25"]
[WhiteTeam "Helios"]
[BlackTeam "Marcos Frechin B"]

1. c4 c6 2. g3 Nf6 3. Bg2 d5 4. Nf3 Bf5 5. O-O dxc4 6. a4 Nbd7 7. Na3 e5 8. Nxc4 e4 9. Nd4 Bg6 10. b3 Nb6 11. Bb2 Bc5 12. Nc2 Nxc4 13. bxc4 a5 14. Bc3 O-O 15. Rb1 b6 16. Ne3 Ne8 17. Ng4 f6 18. Rb2 h5 19. Ne3 f5 20. d4 exd3 21. Bxc6 f4 22. Ng2 fxg3 23. hxg3 Ra7 24. Bd5+ Kh7 25. exd3 Nf6 26. Nf4 Nxd5 27. Nxd5 Qg5 28. d4 Be4 29. dxc5 Rf3 30. Kh2 h4 31. Be1 hxg3+ 32. fxg3 Bxd5 33. cxd5 Re7 34. Qb1+ 1-0

[Event "Campeonato de Aragon por Equipos 2025 - "]
[Site "?"]
[Date "2025.03.08"]
[Round "7.30"]
[White "Prats Fares, Nahuel"]
[Black "Lorente Melcon, Hector"]
[Result "0-1"]
[WhiteElo "1926"]
[BlackElo "1946"]
[PlyCount "114"]
[GameId "2155415466702231"]
[EventDate "2025.01.25"]
[WhiteTeam "Marcos Frechin B"]
[BlackTeam "Helios"]

1. d4 Nf6 2. Nc3 d5 3. Bf4 e6 4. e3 c6 5. g4 Bd6 6. g5 Bxf4 7. exf4 Ng8 8. Nf3 Nd7 9. Qd2 Ne7 10. O-O-O b5 11. Ne2 Nb6 12. Ng3 Nc4 13. Bxc4 bxc4 14. Rde1 Rb8 15. f5 exf5 16. Nh5 O-O 17. Nf4 Ng6 18. c3 Qa5 19. a3 Qc7 20. Ne5 Bd7 21. Nfxg6 fxg6 22. Qf4 Rb7 23. Re2 Rfb8 24. Rhe1 Be8 25. Nd3 Qxf4+ 26. Nxf4 Bf7 27. Ng2 Kf8 28. f4 Re8 29. Rxe8+ Bxe8 30. Kc2 Re7 31. Rxe7 Kxe7 32. b3 Bf7 33. Ne1 Kd6 34. Nf3 Be6 35. bxc4 dxc4 36. Kd2 Kd5 37. Ke3 c5 38. dxc5 Kxc5 39. Nd4 Bd5 40. Nc2 Be4 41. Nb4 a5 42. Na2 Kb5 43. Kd4 Bd3 44. Nc1 Bf1 45. Ke5 Ka4 46. Ke6 Kxa3 47. Kf7 Kb2 48. Kxg7 Kxc1 49. Kxh7 a4 50. Kxg6 a3 51. Kh7 a2 52. g6 a1=Q 53. g7 Qa7 54. Kh8 Qxg7+ 55. Kxg7 Bh3 56. Kf6 Kc2 57. Kg5 Kxc3 0-1

[Event "Campeonato de Aragon por Equipos 2025 - "]
[Site "?"]
[Date "2025.03.08"]
[Round "7.31"]
[White "Anson Casaos, Alejandro"]
[Black "Jario Dominguez, Diego"]
[Result "0-1"]
[WhiteElo "1907"]
[BlackElo "1907"]
[PlyCount "120"]
[GameId "2155415466808728"]
[EventDate "2025.01.25"]
[WhiteTeam "Helios"]
[BlackTeam "Marcos Frechin B"]

1. e4 c5 2. Nf3 Nc6 3. d4 cxd4 4. Nxd4 g6 5. c4 Nf6 6. Nc3 Nxd4 7. Qxd4 d6 8. Be2 Bg7 9. Be3 O-O 10. Qd2 a5 11. O-O a4 12. Rac1 Be6 13. f3 Nd7 14. Nd5 Nc5 15. Kh1 Re8 16. Bd4 Qa5 17. Bc3 Bxc3 18. Rxc3 Bxd5 19. exd5 Qb4 20. Qc2 Rec8 21. f4 Rc7 22. f5 Nd7 23. Qc1 Nf6 24. fxg6 fxg6 25. Qc2 a3 26. Rb1 axb2 27. Rxb2 Qc5 28. Rb5 Qd4 29. h3 Rxa2 30. Qxa2 Qxc3 31. Rb3 Qc1+ 32. Kh2 Qf4+ 33. Kh1 Kg7 34. Rf3 Qe5 35. Bf1 Ne4 36. Qa8 Nf6 37. Qb8 Rd7 38. Qc8 b6 39. Kg1 Qd4+ 40. Kh2 Qc5 41. Qa8 Qc7 42. Qa1 Qb8 43. Qe1 Ra7 44. Qe3 Qc7 45. Qe6 Qd7 46. Qe3 Rb7 47. Qd2 Rb8 48. Qd4 Qc7 49. Qd2 Rf8 50. Qb2 Kg8 51. Qf2 Nd7 52. Rxf8+ Nxf8 53. Qe3 Qd8 54. Be2 Nd7 55. g4 Ne5 56. g5 Qc7 57. Qf4 Qc5 58. Bg4 Qxc4 59. Be6+ Kg7 60. Qf2 b5 0-1

[Event "Campeonato de Aragon por Equipos 2025 - "]
[Site "?"]
[Date "2025.03.08"]
[Round "7.32"]
[White "Galve Guinea, Alejandro"]
[Black "Gutierrez Mingueza, Ruben"]
[Result "1/2-1/2"]
[WhiteElo "1949"]
[BlackElo "2008"]
[PlyCount "41"]
[GameId "2155415466956185"]
[EventDate "2025.01.25"]
[WhiteTeam "El Olivar C"]
[BlackTeam "San Jose"]

1. Nf3 c5 2. c4 Nc6 3. Nc3 g6 4. g3 Bg7 5. Bg2 e5 6. O-O Nge7 7. a3 a5 8. d3 O-O 9. Ne1 d6 10. Nc2 Be6 11. Ne3 Rb8 12. Ned5 f5 13. Rb1 Bf7 14. Bd2 Nxd5 15. Nxd5 Nd4 16. e3 Ne6 17. Qa4 b6 18. f4 Nc7 19. Qc6 Ne6 20. Qa4 Nc7 21. Qc6 1/2-1/2

[Event "Campeonato de Aragon por Equipos 2025 - "]
[Site "?"]
[Date "2025.03.08"]
[Round "7.33"]
[White "Ferreruela Romero, Jose Joaquin"]
[Black "Labrador Postigo, Francisco M."]
[Result "1-0"]
[WhiteElo "1972"]
[BlackElo "1868"]
[PlyCount "83"]
[GameId "2155415467009434"]
[EventDate "2025.01.25"]
[WhiteTeam "San Jose"]
[BlackTeam "El Olivar C"]

1. d4 d5 2. Bf4 Nf6 3. e3 e6 4. Nf3 Bd6 5. Ne5 O-O 6. Bd3 b6 7. Nd2 c5 8. c3 Qc7 9. O-O Nbd7 10. Nxd7 Bxd7 11. Bxd6 Qxd6 12. f4 Bc6 13. Qf3 c4 14. Bc2 b5 15. a3 a5 16. g4 g6 17. g5 Nh5 18. Qg2 b4 19. Nf3 Ng7 20. Ne5 bxc3 21. bxc3 Nf5 22. Ng4 h5 23. gxh6 Qe7 24. Bxf5 exf5 25. Ne5 Bb7 26. h4 Kh7 27. Qg5 Qxg5+ 28. hxg5 f6 29. Nd7 Bc6 30. Nxf6+ Rxf6 31. gxf6 Ba4 32. Kf2 Rf8 33. e4 fxe4 34. Ke3 Rxf6 35. Rg1 Kxh6 36. Rab1 Bb3 37. Rg5 Rd6 38. Rbg1 Ba4 39. f5 gxf5 40. Rxf5 Bd7 41. Rf2 Rg6 42. Rfg2 1-0

[Event "Campeonato de Aragon por Equipos 2025 - "]
[Site "?"]
[Date "2025.03.08"]
[Round "7.34"]
[White "De La Riva Fernandez, Eduardo"]
[Black "Palomar Ramon, Santiago"]
[Result "1-0"]
[WhiteElo "1820"]
[BlackElo "1943"]
[PlyCount "105"]
[GameId "2155415467054491"]
[EventDate "2025.01.25"]
[WhiteTeam "El Olivar C"]
[BlackTeam "San Jose"]

1. e4 e5 2. Nc3 Nf6 3. f4 d5 4. fxe5 Nxe4 5. Nf3 Nc6 6. d3 Nxc3 7. bxc3 d4 8. cxd4 Nxd4 9. c3 Nxf3+ 10. Qxf3 Be7 11. d4 Be6 12. Bd3 Bd5 13. Be4 c6 14. O-O O-O 15. Qd3 Bxe4 16. Qxe4 Qd5 17. Qxd5 cxd5 18. Rb1 b6 19. a4 Rfc8 20. Bd2 Rc4 21. a5 bxa5 22. Rb5 a4 23. Rxd5 Rd8 24. Ra5 Rd7 25. Kf2 Rb7 26. Ke2 Bd8 27. Ra6 Bb6 28. Kd3 Rbc7 29. Ra1 Kf8 30. R1xa4 Rxa4 31. Rxa4 Ke8 32. c4 Rd7 33. Bc3 Kd8 34. d5 Bg1 35. h3 Bh2 36. Bd4 Kc8 37. Rxa7 Rxa7 38. Bxa7 Bxe5 39. Bd4 Bh2 40. Bxg7 f5 41. Bh6 Kb7 42. g4 fxg4 43. hxg4 Kb6 44. Be3+ Ka5 45. Ke4 Kb4 46. c5 Kb3 47. Kf5 Kc4 48. Ke6 Kd3 49. Bf2 Ke2 50. Bd4 Kf3 51. g5 Ke4 52. Bf6 Bg1 53. c6 1-0

[Event "Campeonato de Aragon por Equipos 2025 - "]
[Site "?"]
[Date "2025.03.08"]
[Round "7.35"]
[White "Baldellou Vicente, Roberto"]
[Black "Sisas Mainar, Izan"]
[Result "0-1"]
[WhiteElo "1933"]
[BlackElo "1785"]
[PlyCount "94"]
[GameId "2155415467103644"]
[EventDate "2025.01.25"]
[WhiteTeam "San Jose"]
[BlackTeam "El Olivar C"]

1. e4 c5 2. Nf3 Nc6 3. Bb5 g6 4. Nc3 Bg7 5. O-O d6 6. d3 Bd7 7. a4 Nf6 8. h3 O-O 9. Bf4 Qc7 10. Re1 e5 11. Bg5 Be6 12. Bc4 a6 13. Bxf6 Bxf6 14. Nd5 Qd8 15. Nxf6+ Qxf6 16. Qd2 Kg7 17. Bxe6 fxe6 18. c3 d5 19. exd5 exd5 20. Qg5 Qxg5 21. Nxg5 Rae8 22. Re2 Rf5 23. Nf3 g5 24. Rae1 Kf6 25. Nd2 b6 26. Nf1 Rf4 27. Ne3 Ke6 28. Ng4 Kd6 29. g3 Rxa4 30. f4 gxf4 31. b3 f3 32. bxa4 fxe2 33. Rxe2 Rf8 34. Kg2 b5 35. axb5 axb5 36. Ra2 b4 37. cxb4 cxb4 38. Ne3 Kc5 39. Rc2+ Kd4 40. Nd1 Rf6 41. Nb2 b3 42. Rc1 Nb4 43. Re1 Nxd3 44. Nxd3 Kxd3 45. Rxe5 d4 46. Rb5 Kc3 47. g4 Rc6 0-1